Aprendamos de lo nuestro: un taller de patrimonio cultural

Guardat en:
Dades bibliogràfiques
Autor corporatiu: Ministerio de Educación (Autor)
Format: Llibre
Idioma:espanyol
Publicat: Santiago Consejo de Monumentos Nacionales 1996
Edició:1a. ed
Matèries:
Etiquetes: Afegir etiqueta
Sense etiquetes, Sigues el primer a etiquetar aquest registre!

MARC

LEADER 00000nam a2200000 a 4500
001 UCK2502
003 CL-VaPUC
008 050120e19960000CL |||||||||||||||||spa|d
082 0 4 |a 372.83  |b MIN  |2 21 
110 2 |a Ministerio de Educación  |e author  |9 490366 
245 1 0 |a Aprendamos de lo nuestro: un taller de patrimonio cultural 
250 |a 1a. ed 
300 |a 23 p 
942 |c BK 
945 |d 20050120 00:00:00  |a vberengu 
260 |a Santiago  |b Consejo de Monumentos Nacionales  |c 1996 
500 |a Reconocer y valorar las bases de la identidad nacional en un mundo cada vez más globalizado e interdependiente 
650 0 |a Educación básica   |9 224933 
650 0 |a Patrimonio cultural  |9 309364 
650 0 |a Aspectos sociales  |9 254894 
650 0 |a Identidad nacional  |9 319130 
583 |a last modification  |c 20170905 12:54:52  |k Rodrigo Vera 
999 |c 312015  |d 312013 
952 |0 0  |1 0  |4 0  |6 372_830000000000000_MIN_1996  |7 0  |8 P  |9 381797  |a BIBEDU  |b BIBEDU  |c BIBEDU_PB  |d 2019-11-21  |i 4093208  |o 372.83 MIN 1996  |p 4093208  |r 2024-01-25  |w 2019-11-21  |y BK  |k EPE